| 000 | 00466nam a2200181Ia 4500 | ||
|---|---|---|---|
| 008 | 240925s9999 xx 000 0 und d | ||
| 020 | _aNA | ||
| 082 | _a006.6 LEA | ||
| 100 | _aAlias - | ||
| 245 | 0 | _aLearning Maya 6: daynamics | |
| 250 | _aNA | ||
| 260 |
_aCanada: _bAlias System _c,2004. |
||
| 300 |
_a957p. _bNA _fOriginal |
||
| 500 | _aIncludes Index | ||
| 600 | _aComputer Science | ||
| 650 | _aComputer science, information & general works | ||
| 942 | _cBK | ||
| 999 |
_c9668 _d9668 |
||